| 000 | 01083nam a22002297a 4500 | ||
|---|---|---|---|
| 005 | 20210325190826.0 | ||
| 008 | s2534 th tha d | ||
| 041 | _atha | ||
| 090 | _aว DS588.N6 ธ654ท 2534 | ||
| 100 | 0 | _aธีรศักดิ์ วงศ์คำแน่น | |
| 245 | 1 | 0 | _aเทคนิควิทยาพื้นบ้านล้านนา |
| 260 | 3 |
_aเชียงใหม่ : _bสถาบันวิจัยสังคม มหาวิทยาลัยเชียงใหม่, _c2534 |
|
| 300 |
_a243 หน้า : _b ภาพประกอบ ; _c 22 ซม. |
||
| 650 | 0 | 4 | _aล้านนาคดีศึกษา |
| 650 | 0 | 4 | _aไทย -- ประวัติศาสตร์ -- ล้านนา |
| 650 | 0 | 4 | _aไทย (ภาคเหนือ) -- ความเป็นอยู่และประเพณี |
| 700 | 0 | _aธีรศักดิ์ วงศ์คำแน่น | |
| 850 | _aNALT | ||
| 942 | _cRSH | ||
| 997 |
_c000000000026513 _kVC |
||
| 998 | _aNisa Luangthongkum | ||
| 999 |
_c26513 _d26513 |
||